vufinder Bibliothèque Municipale de Charleval de Provence
Se connecter

Vent lointain

Book Cover
Auteur principal: Margaux Motin
Support: Livres
Langue: Francais
Publié: 2020 Casterman Tournai (Belgique)
Series: Printemps suivant (Le)
Genre: Bandes déssinées ADULTE
Sujets:
Étiquettes: Ajouter
Pas de Tags !

LEADER 01138nam0a2200181 450
001 16835382
010 |a 978-2-203-21039-4  |b Br.  |d 20 € 
100 |a 20201104d2020 u u0frey01 ba 
101 0 |a fre 
200 0 |a Vent lointain  |f Margaux Motin 
207 1 |a   
210 |a Tournai (Belgique)  |b 28 Rue des Soeurs Noires.  |c Casterman  |d 2020 
330 |a Après une vie de mère célibataire un peu chaotique mais libre et indépendante, Margaux replonge à pieds joints dans la vie de couple. Mais cela ne se passe pas sans heurts et des perturbations se profilent à l'horizon. Et si c'était l'occasion de chercher à comprendre ce qui provoque ces nuages qui viennent de si loin ? Sept ans après La Tectonique des plaques, Margaux Motin reprend avec humour et émotion le fil du récit de son parcours de femme moderne toujours en quête d'épanouissement personnel et de connaissance de soi. 
461 0 |t Printemps suivant (Le)  |v 1 
700 0 |a Motin  |b Margaux  |f 1978-....  |4 90 
900 |a Bandes déssinées ADULTE 
901 |a Accessible au prêt 
995 |a Bibliothèque  |c Bibliothèque  |f 024020939  |h 024020939  |k BDA MOT  |o p  |q a  |r az  |e Bibliothèque 

Options de recherche

Historique de recherche
Recherche avancée

Trouver plus

Nouveautés

Besoin d'aide ?

Contacter un bibliothécaire